| 000 | 01082nam0a22002771 4500 | ||
|---|---|---|---|
| 001 | rc\4087470 | ||
| 005 | 20250611084502.0 | ||
| 021 |
_aRU _b[50-20845] |
||
| 035 | _a(NLR Aleph) 008129876 | ||
| 090 |
_a9416959 _c9416959 |
||
| 100 | _a20130415d1950 |||y0rusy50 ca | ||
| 101 | 0 | _arus | |
| 102 | _aRU | ||
| 105 | _aa z ||||| | ||
| 200 | 1 |
_aКак защищаться от укусов клещей _fТомский ин-т эпидемиологии и микробиологии и Томская противотуляремийная станция |
|
| 210 |
_aТомск _cтип. № 1 Полиграфиздата _d1950 |
||
| 215 |
_a15 с. _cил. _d20 |
||
| 300 | _aПеред загл. авт.: В.М. Попов | ||
| 606 |
_aКлещи _2psbo |
||
| 700 | 1 |
_aПопов _bВ. М. _cканд. биол. наук, паразитология _f1892-1958 _gВячеслав Менандрович _9232735 _3RU\NLR\AUTH\770232791 |
|
| 801 | 0 |
_aRU _bNLR _gpsbo |
|
| 801 | 1 |
_aRU _bELAR _2rusmarc |
|
| 852 |
_aNLR _jМд96 Г-4/807 |
||
| 942 | _cBOOK | ||
| 980 | _aNB | ||